| 000 | 00566nam a2200229Ia 4500 | ||
|---|---|---|---|
| 003 | OSt | ||
| 005 | 20140403111514.0 | ||
| 008 | 140130s9999 xx 000 0 und d | ||
| 020 | _a0590341308 | ||
| 050 |
_aPZ 7 _b.B7633Clwg 1997 |
||
| 100 |
_aBridwell, Norman _923197 |
||
| 245 |
_cBridwell, Norman _aCliffords first Autumn / |
||
| 260 |
_bScholastic, _c1997. _aNew York : |
||
| 300 |
_a30 p. : _bcol. ill. ; _c21 cm. |
||
| 440 |
_v1 _930816 |
||
| 521 | _aG2 | ||
| 526 | _c310 | ||
| 942 |
_cBK _2lcc |
||
| 999 |
_c40137 _d40137 |
||